000
00465nam a22001097a 4500
082
_a
900
100
_a
पाेल,प्रशांत
_9
83915
245
_a
वे पंद्रह दिन (1 अगस्त 1947से 15अगस्त 1947 के निर्णायक दिनों की गाथा)
260
_a
दिल्ली
_b
ज्ञान गंगा प्रकाशन
_c
2025
650
_a
इतिहास
942
_c
BK
999
_c
68922
_d
68922